The bubble economy : (Record no. 14426)
[ view plain ]
| 000 -LEADER | |
|---|---|
| fixed length control field | 00582cam a2200217Ia 4500 |
| 020 ## - INTERNATIONAL STANDARD BOOK NUMBER | |
| ISBN | 0804819068 : |
| 040 ## - CATALOGING SOURCE | |
| Transcribing agency | FSP |
| 082 ## - DEWEY DECIMAL CLASSIFICATION NUMBER | |
| Classification number | 332 CHA 1993 A065 Or. |
| 100 1# - MAIN ENTRY--AUTHOR NAME | |
| Personal name | Wood, Christopher, |
| 245 14 - TITLE STATEMENT | |
| Title | The bubble economy : |
| Remainder of title | the Japanese economic collapse / |
| 250 ## - EDITION STATEMENT | |
| Edition statement | 1st Tuttle ed |
| 260 ## - PUBLICATION, DISTRIBUTION, ETC. (IMPRINT) | |
| Place of publication | Tokyo, Japan ; |
| -- | Rutland, Vt. : |
| Name of publisher | Charles E. Tuttle, |
| Year of publication | 1993 |
| 300 ## - PHYSICAL DESCRIPTION | |
| Number of Pages | 210 p. ; |
| Dimensions | 19 cm |
| 490 0# - SERIES STATEMENT | |
| Series statement | Tut books |
| 650 #0 - SUBJECT ADDED ENTRY--TOPICAL TERM | |
| Topical Term | Stocks |
| 650 #0 - SUBJECT ADDED ENTRY--TOPICAL TERM | |
| Topical Term | Speculation |
| 650 #0 - SUBJECT ADDED ENTRY--TOPICAL TERM | |
| Topical Term | Stock exchanges |
| 650 #0 - SUBJECT ADDED ENTRY--TOPICAL TERM | |
| Topical Term | Financial crises |
| 650 #0 - SUBJECT ADDED ENTRY--TOPICAL TERM | |
| Topical Term | International finance |
| 942 ## - ADDED ENTRY ELEMENTS (KOHA) | |
| Koha item type | សៀវភៅភាសាអង់គ្លេស |
| 952 ## - LOCATION AND ITEM INFORMATION (KOHA) | |
| Withdrawn status [LOCAL, KOHA] | 0 |
| Permanent Location | Date acquired | Koha item type | Lost status | Shelving location | Barcode | Current Location | Full call number |
|---|---|---|---|---|---|---|---|
| Library Block A | 2017-10-16 | សៀវភៅភាសាអង់គ្លេស | A065 | A14724 | Library Block A | 332 CHA 1993 A065 Or. |